[Event "Havana Occidental zt"]
[Site "Havana"]
[Date "2018.06.30"]
[Round "3"]
[White "Blanco Milet, Leandro"]
[Black "Vigoa Apecheche, Yadira"]
[Result "1/2-1/2"]
[WhiteElo "2037"]
[BlackElo "1995"]
[PlyCount "97"]
[EventDate "2018.06.28"]
[EventType "tourn"]
[EventRounds "9"]
[EventCountry "CUB"]
[SourceTitle "EXT 2021"]
[Source "ChessBase"]
[SourceDate "2020.10.23"]
[SourceVersion "1"]
[SourceVersionDate "2020.10.23"]
[SourceQuality "1"]

1. d4 Nf6 2. Nc3 d6 3. e4 g6 4. Bg5 Bg7 5. e5 dxe5 6. dxe5 Nfd7 7. e6 fxe6 8. Qd2 c6 9. Bc4 Qa5 10. Bxe6 Qe5+ 11. Qe3 Qxe3+ 12. Bxe3 Na6 13. Nge2 Nc7 14. Bb3 Nf6 15. h3 Nfd5 16. Bd2 Be6 17. 0-0-0 0-0 18. Rhf1 Nxc3 19. Bxc3 Bxb3 20. axb3 Rad8 21. Rxd8 Rxd8 22. Bxg7 Kxg7 23. f4 Nd5 24. Rd1 Rd6 25. c4 Nb4 26. Rxd6 exd6 27. Kd2 Kf6 28. g4 Na6 29. Ng3 Nc5 30. b4 Ne6 31. Ke3 d5 32. cxd5 cxd5 33. h4 h6 34. f5 Nc7 35. fxg6 Kxg6 36. Kd4 Kf6 37. Nh5+ Ke6 38. Nf4+ Kd6 39. g5 Nb5+ 40. Kd3 hxg5 41. h5 Ke5 42. h6 Kf6 43. Ne6 Kg6 44. Nxg5 Kxh6 45. Nh3 Kg6 46. Nf4+ Kf6 47. Nxd5+ Ke6 48. Kc4 Nd6+ 49. Kc5 1/2-1/2

[Event "Capablanca Memorial op 52nd"]
[Site "Matanzas"]
[Date "2017.05.28"]
[Round "2"]
[White "Gutierrez Espinosa, Karen"]
[Black "Vigoa Apecheche, Yadira"]
[Result "1/2-1/2"]
[WhiteElo "2100"]
[BlackElo "1949"]
[PlyCount "88"]
[EventDate "2017.05.27"]
[EventType "swiss"]
[EventRounds "10"]
[EventCountry "CUB"]
[SourceTitle "EXT 2018"]
[Source "ChessBase"]
[SourceDate "2017.10.13"]
[SourceVersion "1"]
[SourceVersionDate "2017.10.13"]
[SourceQuality "1"]

1. e4 c5 2. Nf3 e6 3. d4 cxd4 4. Nxd4 Nc6 5. Nc3 a6 6. Be2 Qc7 7. 0-0 Nf6 8. Be3 b5 9. a3 Bb7 10. Kh1 Be7 11. f4 d6 12. Qe1 0-0 13. Qg3 Rfd8 14. Bd3 Bf8 15. Nxc6 Bxc6 16. e5 dxe5 17. fxe5 Nh5 18. Qg5 g6 19. Rae1 Bg7 20. Bf4 Rd4 21. Ne2 Nxf4 22. Rxf4 Rxf4 23. Nxf4 h6 24. Qg4 h5 25. Qg5 Qd8 26. Qg3 Ra7 27. Qh3 Qg5 28. Nxg6 Rb7 29. Nh4 Bxe5 30. Nf3 Bxf3 31. gxf3 Kf8 32. Rg1 Qh6 33. Qh4 Rd7 34. Qe4 Qf4 35. Qxf4 Bxf4 36. Re1 Rd4 37. Kg2 Bd6 38. Re2 Rh4 39. h3 Rd4 40. Be4 Bf4 41. Bd3 Ke7 42. Re1 Kf6 43. Kf2 Be5 44. Kg2 Bf4 1/2-1/2

[Event "Capablanca Memorial op 52nd"]
[Site "Matanzas"]
[Date "2017.05.27"]
[Round "1"]
[White "Vigoa Apecheche, Yadira"]
[Black "Rivera, Ingris"]
[Result "0-1"]
[WhiteElo "1949"]
[BlackElo "2191"]
[PlyCount "54"]
[EventDate "2017.05.27"]
[EventType "swiss"]
[EventRounds "10"]
[EventCountry "CUB"]
[SourceTitle "EXT 2018"]
[Source "ChessBase"]
[SourceDate "2017.10.13"]
[SourceVersion "1"]
[SourceVersionDate "2017.10.13"]
[SourceQuality "1"]

1. e4 c5 2. Nc3 d6 3. f4 a6 4. Nf3 b5 5. d4 Nd7 6. a3 Bb7 7. Be2 e6 8. f5 cxd4 9. fxe6 dxc3 10. exd7+ Qxd7 11. 0-0 Nf6 12. Bd3 Be7 13. Qe1 0-0 14. Qxc3 Nxe4 15. Qe1 d5 16. Be3 Rae8 17. Rd1 Qc7 18. Bxe4 dxe4 19. Nd4 Bc8 20. Bf4 Qb6 21. Qg3 f5 22. Kh1 Qg6 23. Qe3 Qf6 24. Qb3+ Qf7 25. Qg3 Kh8 26. Nc6 Bf6 27. c3 Qh5 0-1

[Event "CUB-ch (Women)"]
[Site "Holguin"]
[Date "2010.02.21"]
[Round "8"]
[White "Fleites Marti, Yuleikys"]
[Black "Vigoa Apecheche, Yadira"]
[Result "0-1"]
[WhiteElo "2174"]
[BlackElo "1979"]
[PlyCount "80"]
[EventDate "2010.02.13"]
[EventType "tourn"]
[EventRounds "13"]
[EventCountry "CUB"]
[SourceTitle "CBM 135 Extra"]
[Source "ChessBase"]
[SourceDate "2010.05.04"]
[SourceVersion "1"]
[SourceVersionDate "2010.05.04"]
[SourceQuality "1"]

1. e4 e6 2. Nf3 b6 3. d3 Bb7 4. Nbd2 d5 5. g3 Nf6 6. Qe2 Be7 7. Bg2 0-0 8. e5 Nfd7 9. 0-0 c5 10. Re1 Nc6 11. c3 h6 12. h4 b5 13. Nf1 Nb6 14. N1h2 Re8 15. Bf4 Nd7 16. Nd2 Nf8 17. Qg4 Ng6 18. Bxh6 gxh6 19. h5 Bg5 20. f4 Ngxe5 21. fxe5 Kh8 22. Ndf1 Rg8 23. Qf3 Rg7 24. Ng4 Qc7 25. Nfh2 Ne7 26. d4 Nf5 27. Qf2 cxd4 28. cxd4 Rag8 29. Bf1 Qb6 30. Rad1 b4 31. Kh1 Ba6 32. Bh3 b3 33. Nf6 Nxg3+ 34. Qxg3 Bxf6 35. Qxb3 Qxb3 36. axb3 Bh4 37. Rg1 Be2 38. Rxg7 Rxg7 39. Rc1 Bf2 40. Bg2 Bxd4 0-1

[Event "CUB-ch (Women)"]
[Site "Holguin"]
[Date "2010.02.20"]
[Round "7"]
[White "Vigoa Apecheche, Yadira"]
[Black "Hernandez Moya, Yuleisis"]
[Result "1/2-1/2"]
[WhiteElo "1979"]
[BlackElo "2179"]
[PlyCount "120"]
[EventDate "2010.02.13"]
[EventType "tourn"]
[EventRounds "13"]
[EventCountry "CUB"]
[SourceTitle "CBM 135 Extra"]
[Source "ChessBase"]
[SourceDate "2010.05.04"]
[SourceVersion "1"]
[SourceVersionDate "2010.05.04"]
[SourceQuality "1"]

1. d4 d5 2. c4 c6 3. Nf3 Nf6 4. e3 Bg4 5. Qb3 Qb6 6. c5 Qxb3 7. axb3 Nbd7 8. b4 Bxf3 9. gxf3 e5 10. b5 Be7 11. b4 exd4 12. exd4 cxb5 13. Bxb5 0-0 14. 0-0 a6 15. Bd3 Rfe8 16. Nc3 Nf8 17. Be3 Ne6 18. Ra2 Rad8 19. Bc2 Nh5 20. Ba4 Rf8 21. Bb3 Nhf4 22. Rd1 Bf6 23. Ra5 Rfe8 24. Raa1 Ng5 25. Kf1 Ngh3 26. b5 Re6 27. bxa6 bxa6 28. Ra3 Bh4 29. Bc2 Rde8 30. Bf5 Rxe3 31. fxe3 Rxe3 32. Bxh3 Rxf3+ 33. Kg1 Rxh3 34. Nb1 Ne2+ 35. Kg2 Nf4+ 36. Kh1 Rxa3 37. Nxa3 Kf8 38. Nc2 Ne6 39. Rb1 Bd8 40. Rb8 Ke7 41. Nb4 Nxd4 42. Nxd5+ Kd7 43. Nb6+ Bxb6 44. Rxb6 Ne6 45. c6+ Kc7 46. Rxa6 Nd8 47. Ra8 g6 48. Kg2 Nxc6 49. Kg3 Kd7 50. Kf4 Nd4 51. h3 Ke6 52. Ra6+ Ke7 53. Kg5 Nf5 54. Rb6 h6+ 55. Kf4 Kf8 56. Rb7 Kg7 57. Rd7 Kf6 58. Rb7 h5 59. Rb6+ Kg7 60. Ra6 Nd4 1/2-1/2

[Event "CUB-ch (Women)"]
[Site "Holguin"]
[Date "2010.02.18"]
[Round "6"]
[White "Arribas Robaina, Maritza"]
[Black "Vigoa Apecheche, Yadira"]
[Result "1/2-1/2"]
[WhiteElo "2286"]
[BlackElo "1979"]
[PlyCount "90"]
[EventDate "2010.02.13"]
[EventType "tourn"]
[EventRounds "13"]
[EventCountry "CUB"]
[SourceTitle "CBM 135 Extra"]
[Source "ChessBase"]
[SourceDate "2010.05.04"]
[SourceVersion "1"]
[SourceVersionDate "2010.05.04"]
[SourceQuality "1"]

1. e4 c5 2. Nf3 d6 3. Bb5+ Bd7 4. Bxd7+ Qxd7 5. 0-0 Nf6 6. Re1 Nc6 7. b3 g6 8. Bb2 Bg7 9. d4 cxd4 10. Nxd4 0-0 11. Nxc6 Qxc6 12. c4 Rfe8 13. Qe2 a6 14. Nc3 Rac8 15. Rad1 Nh5 16. Nd5 b5 17. cxb5 Qxb5 18. Qxb5 axb5 19. Bxg7 Kxg7 20. Rc1 Rxc1 21. Rxc1 Ra8 22. Rc2 Nf6 23. Nxe7 Re8 24. Nc6 Nxe4 25. f3 Nc5 26. Rd2 Nb7 27. Rd5 Rc8 28. Nb4 Rc5 29. Kf2 Kf8 30. Rxc5 dxc5 31. Nd5 b4 32. Ke3 Ke8 33. Ke4 Kd7 34. Ke5 Kc6 35. Nf6 Nd6 36. Nxh7 Nb5 37. Ng5 Nc3 38. h4 Nxa2 39. Ne4 Nc3 40. g4 f6+ 41. Kxf6 Nxe4+ 42. fxe4 c4 43. e5 cxb3 44. e6 b2 45. e7 Kd7 1/2-1/2

[Event "CUB-ch (Women)"]
[Site "Holguin"]
[Date "2010.02.16"]
[Round "4"]
[White "Linares Napoles, Oleiny"]
[Black "Vigoa Apecheche, Yadira"]
[Result "1/2-1/2"]
[WhiteElo "2293"]
[BlackElo "1979"]
[PlyCount "95"]
[EventDate "2010.02.13"]
[EventType "tourn"]
[EventRounds "13"]
[EventCountry "CUB"]
[SourceTitle "CBM 135 Extra"]
[Source "ChessBase"]
[SourceDate "2010.05.04"]
[SourceVersion "1"]
[SourceVersionDate "2010.05.04"]
[SourceQuality "1"]

1. d4 Nf6 2. Nc3 g6 3. e4 d6 4. Be3 Bg7 5. h3 0-0 6. Nf3 c6 7. a4 a5 8. Nd2 Nbd7 9. f4 e5 10. Be2 Nh5 11. dxe5 Ng3 12. Nf3 dxe5 13. Rg1 Nxe2 14. Qxe2 exf4 15. Bxf4 Nc5 16. e5 Be6 17. Be3 Nd7 18. 0-0-0 Qc7 19. Bd4 Rfe8 20. Rge1 Rab8 21. Qf2 b5 22. Ne4 c5 23. Nxc5 Nxc5 24. Bxc5 bxa4 25. Rd6 Rb5 26. Ba3 Bh6+ 27. Kd1 Rd5+ 28. Rxd5 Bxd5 29. Qd4 Bxf3+ 30. gxf3 Rd8 31. Bd6 Qd7 32. Qh4 Bf8 33. Re3 Rc8 34. Qg4 Qb7 35. Bxf8 Rxf8 36. Qd4 Rb8 37. Kc1 Qb4 38. Re4 Qb5 39. Re1 Qb4 40. Qxb4 axb4 41. Re4 Kf8 42. c3 bxc3 43. bxc3 Ra8 44. Kb2 a3+ 45. Ka2 Ke7 46. Rb4 Ke6 47. f4 Kf5 48. Rb7 1/2-1/2